000 00304 a2200109 4500
001 ART_31319
005 20260410161840.0
008 260409a
245 1 0 _aSobre el silencio administrativo
100 1 _aGusman, Alfredo S.
773 0 _tRAP
_g- Año 37, Nº 436 (ene. 2015)
_wREV5941
999 _c24052
_d24052